<?xml version="1.0" encoding="UTF-8"?>
<record
    xmlns:xsi="http://www.w3.org/2001/XMLSchema-instance"
    xsi:schemaLocation="http://www.loc.gov/MARC21/slim http://www.loc.gov/standards/marcxml/schema/MARC21slim.xsd"
    xmlns="http://www.loc.gov/MARC21/slim">

  <leader>01823nam a2200205Ia 4500</leader>
  <controlfield tag="003">OSt</controlfield>
  <controlfield tag="005">20250609143821.0</controlfield>
  <controlfield tag="008">210210b2001   xxu||||| |||| 00| 0 eng d</controlfield>
  <datafield tag="040" ind1=" " ind2=" ">
    <subfield code="c">AL</subfield>
  </datafield>
  <datafield tag="041" ind1=" " ind2=" ">
    <subfield code="a">Kannada</subfield>
  </datafield>
  <datafield tag="082" ind1=" " ind2=" ">
    <subfield code="a">923.41K RAVP</subfield>
  </datafield>
  <datafield tag="100" ind1=" " ind2=" ">
    <subfield code="a">RAVI BELAGERE</subfield>
    <subfield code="d">&#xCB0;&#xCB5;&#xCBF; &#xCAC;&#xCC6;&#xCB3;&#xC97;&#xCC6;&#xCB0;&#xCC6;</subfield>
    <subfield code="9">213517</subfield>
  </datafield>
  <datafield tag="245" ind1=" " ind2=" ">
    <subfield code="a">Papada huvu Fhulan</subfield>
    <subfield code="b">&#xCAA;&#xCBE;&#xCAA;&#xCA6; &#xCB9;&#xCC2;&#xCB5;&#xCC1; &#xCAB;&#xCCA;&#xCB2;&#xCA8;&#xCCD;</subfield>
  </datafield>
  <datafield tag="260" ind1=" " ind2=" ">
    <subfield code="a">Bengaluru</subfield>
    <subfield code="b">Bhavana Prakashana</subfield>
    <subfield code="c">2001</subfield>
  </datafield>
  <datafield tag="300" ind1=" " ind2=" ">
    <subfield code="a">vi,186</subfield>
  </datafield>
  <datafield tag="520" ind1=" " ind2=" ">
    <subfield code="a">&#xC95;&#xCA1;&#xCC6;&#xC97;&#xCCA;&#xC82;&#xCA6;&#xCC1; &#xCA6;&#xCBF;&#xCA8; &#xC86; &#xCAE;&#xCC1;&#xCB9;&#xCC2;&#xCB0;&#xCCD;&#xCA4; &#xCAC;&#xC82;&#xCA6;&#xCC7; &#xCAC;&#xCBF;&#xC9F;&#xCCD;&#xC9F;&#xCBF;&#xCA4;&#xCC1;. 1994&#xCB0;&#xCB2;&#xCCD;&#xCB2;&#xCBF;, &#xCB9;&#xCA6;&#xCBF;&#xCAE;&#xCC2;&#xCB0;&#xCC1; &#xCB5;&#xCB0;&#xCCD;&#xCB7;&#xC97;&#xCB3; &#xC9C;&#xCC8;&#xCB2;&#xCC1;&#xCB5;&#xCBE;&#xCB8;&#xCA6; &#xCA8;&#xC82;&#xCA4;&#xCB0; &#xCAB;&#xCC2;&#xCB2;&#xCA8;&#xCCD; &#xCA6;&#xCC7;&#xCB5;&#xCBF;&#xCAF;&#xCA8;&#xCCD;&#xCA8;&#xCC1; &#xCAA;&#xCC6;&#xCB0;&#xCCB;&#xCB2;&#xCCD; &#xCAE;&#xCC7;&#xCB2;&#xCC6; &#xCAC;&#xCBF;&#xCA1;&#xCC1;&#xC97;&#xCA1;&#xCC6; &#xCAE;&#xCBE;&#xCA1;&#xCB2;&#xCBE;&#xCAF;&#xCBF;&#xCA4;&#xCC1;. &#xC97;&#xCCD;&#xCB5;&#xCBE;&#xCB2;&#xCBF;&#xCAF;&#xCB0;&#xCCD; &#xC9C;&#xCC8;&#xCB2;&#xCBF;&#xCA8; &#xCB9;&#xCC6;&#xCAC;&#xCCD;&#xCAC;&#xCBE;&#xC97;&#xCBF;&#xCB2;&#xCB2;&#xCCD;&#xCB2;&#xCBF; &#xC85;&#xCB5;&#xCA8;&#xCC1; &#xCA8;&#xCBF;&#xC82;&#xCA4;&#xCBF;&#xCA6;&#xCCD;&#xCA6;: &#xC89;&#xCAE;&#xCC7;&#xCA6;&#xCCD; &#xCB8;&#xCBF;&#xC82;&#xC97;&#xCCD;. &#xCAB;&#xCC2;&#xCB2;&#xCA8;&#xCCD;&#x200C;&#xCB3; &#xCAE;&#xCC1;&#xC96; &#xCA8;&#xCCB;&#xCA1;&#xCBF;&#xCA6;&#xCB5;&#xCA8;&#xCC7; &#xCB9;&#xCA4;&#xCCD;&#xCA4;&#xCBF;&#xCB0;&#xC95;&#xCCD;&#xC95;&#xCC6; &#xC93;&#xCA1;&#xCBF;&#xCAC;&#xC82;&#xCA6;. &#x201C;&#xC95;&#xCA1;&#xCC6;&#xC97;&#xCC2; &#xCAC;&#xCBF;&#xCA1;&#xCBF;&#xCB8;&#xCBF;&#xCAF;&#xCC7; &#xCAC;&#xCBF;&#xC9F;&#xCCD;&#xC9F;&#xCC6;&#xCAF;&#xCB2;&#xCCD;&#xCB2;&#xCCB; &#xCA6;&#xCA8;&#xC95;&#xCCD;&#xC95;&#xCC6; &#xCB9;&#xCC1;&#xC9F;&#xCCD;&#xC9F;&#xCBF;&#xCA6;&#xCCB;&#xCA8;&#xCC7;?'' &#xC85;&#xC82;&#xCA6;&#xCC1; &#xCAA;&#xCCD;&#xCB0;&#xCC0;&#xCA4;&#xCBF;&#xCAF;&#xCBF;&#xC82;&#xCA6; &#xCA8;&#xC95;&#xCCD;&#xC95;&#xCB3;&#xCC1; &#xCAB;&#xCC2;&#xCB2;&#xCA8;&#xCCD;. &#xC89;&#xCAE;&#xCC7;&#xCA6;&#xCCD; &#xCB8;&#xCBF;&#xC82;&#xC97;&#xCCD; '!' &#xC85;&#xC82;&#xCA4; &#xCAE;&#xCBE;&#xCA4;&#xCCD;&#xCB0; &#xC85;&#xC82;&#xCA6;&#xCC1; &#xCB8;&#xCC1;&#xCAE;&#xCCD;&#xCAE;&#xCA8;&#xCBE;&#xCA6;. &#xC85;&#xCB5;&#xCA4;&#xCCD;&#xCA4;&#xCBF;&#xCA8; &#xCA4;&#xCA8;&#xC95; &#xC89;&#xCAE;&#xCC7;&#xCA6;&#xCCD; &#xCB8;&#xCBF;&#xC82;&#xC97;&#xCCD;&#x200C;&#xCA8;&#xCCA;&#xC82;&#xCA6;&#xCBF;&#xC97;&#xCC6; &#xCAE;&#xCC1;&#xC9A;&#xCCD;&#xC9A;&#xCBF;&#xC9F;&#xCCD;&#xC9F; &#xCB5;&#xCBF;&#xCB7;&#xCAF;&#xCB5;&#xCCA;&#xC82;&#xCA6;&#xCA8;&#xCCD;&#xCA8;&#xCC1; &#xCAB;&#xCC2;&#xCB2;&#xCA8;&#xCCD; &#xCAE;&#xCCA;&#xC9F;&#xCCD;&#xC9F;&#xCAE;&#xCCA;&#xCA6;&#xCB2; &#xCAC;&#xCBE;&#xCB0;&#xCBF;&#xC97;&#xCC6; &#xC9C;&#xCC8;&#xCB2;&#xCBF;&#xCA8;&#xCBF;&#xC82;&#xCA6; &#xCB9;&#xCCA;&#xCB0;&#xC9F;&#xCBF;&#xCA6;&#xCCD;&#xCA6; &#xC98;&#xCB3;&#xCBF;&#xC97;&#xCC6;&#xCAF;&#xCB2;&#xCCD;&#xCB2;&#xCBF; &#xCAC;&#xCAF;&#xCB2;&#xCC1; &#xCAE;&#xCBE;&#xCA1;&#xCBF;&#xCA6;&#xCCD;&#xCA6;&#xCB3;&#xCC1;.
&#xCB0;&#xCB5;&#xCBF; &#xCAC;&#xCC6;&#xCB3;&#xC97;&#xCC6;&#xCB0;&#xCC6; </subfield>
  </datafield>
  <datafield tag="690" ind1=" " ind2=" ">
    <subfield code="a">Biography</subfield>
    <subfield code="9">213518</subfield>
  </datafield>
  <datafield tag="906" ind1=" " ind2=" ">
    <subfield code="a">056920</subfield>
  </datafield>
  <datafield tag="942" ind1=" " ind2=" ">
    <subfield code="2">ddc</subfield>
    <subfield code="c">BK</subfield>
  </datafield>
  <datafield tag="999" ind1=" " ind2=" ">
    <subfield code="c">104278</subfield>
    <subfield code="d">104278</subfield>
  </datafield>
  <datafield tag="952" ind1=" " ind2=" ">
    <subfield code="0">0</subfield>
    <subfield code="1">0</subfield>
    <subfield code="2">ddc</subfield>
    <subfield code="4">0</subfield>
    <subfield code="7">0</subfield>
    <subfield code="8">OTH</subfield>
    <subfield code="a">AL</subfield>
    <subfield code="b">AL</subfield>
    <subfield code="c">SSS</subfield>
    <subfield code="d">2021-02-17</subfield>
    <subfield code="e">Athree Book Centre, Mangalore-01.</subfield>
    <subfield code="g">75.00</subfield>
    <subfield code="l">0</subfield>
    <subfield code="o">923.41K RAVP</subfield>
    <subfield code="p">056920</subfield>
    <subfield code="r">2021-02-17 00:00:00</subfield>
    <subfield code="w">2021-02-17</subfield>
    <subfield code="y">BK</subfield>
  </datafield>
</record>
